000 01251cam a22003615i 4500
999 _c28950
_d28921
001 13617103
003 EG-ScBUE
005 20201019135639.0
006 m||||f ||b 00| 0
008 040607t20052005maua f 001 0 eng d
020 _a0763716677
020 _a9780763716677
040 _aDLC
_beng
_erda
_cDLC
_dDLC
_dEG-ScBUE
082 0 4 _a005.133
_bAND
_222
100 1 _aAnderson, Julie,
_d1947-
_eauthor.
240 1 0 _aJava illuminated
245 1 0 _aJava 5 illuminated :
_ban active learning approach /
_cJulie Anderson, Capitol College, Herve J. Franceschi, Capitol College.
246 3 _aJava five illuminated
264 1 _aSudbury, Massachusetts :
_bJones and Bartlett Publishers,
_c[2005]
264 4 _cc2005
300 _axxxi, 1177 pages :
_billustration (some color) ;
_c23 cm +
_e1 CD-ROM (4 3/4 in.)
336 _atext
_btxt
_2rdacontent
336 _acomputer program
_bcop
_2rdacontent
337 _aunmediated
_bn
_2rdamedia
337 _acomputer
_bc
_2rdamedia
338 _avolume
_bnc
_2rdacarrier
338 _acomputer disc
_bcd
_2rdacarrier
500 _aIncludes index.
650 7 _aJava (Computer program language)
_2BUEsh
653 _bCOMSCI
_cOctober2020
700 1 _aFranceschi, Herve,
_eauthor.
942 _2ddc
_cBB